| 000 | 00681nam a22002177a 4500 | ||
|---|---|---|---|
| 003 | 0 | ||
| 005 | 20250919121929.0 | ||
| 008 | 250919b xxu||||| |||| 00| 0 eng d | ||
| 020 | _a979-8-89161-699-8 | ||
| 050 |
_aTK 5105.8857 _b.W37 2025 |
||
| 100 |
_aWashington, Kevin, _eauthor. |
||
| 245 |
_aBig data analytics in IoT / _cKevin Washington. |
||
| 260 |
_aJersey City, USA : _bAlexis Press, _c2025. |
||
| 300 |
_ax, 319 pages : _bcolored illustrations ; _c27 cm. |
||
| 504 | _aIncludes bibliographical references and index. | ||
| 650 |
_aBig data _xAnalysis. |
||
| 650 | _aInternet of things. | ||
| 650 | _aData mining. | ||
| 650 | _aUbiquitous computing. | ||
| 942 |
_2lcc _cBK |
||
| 999 |
_c368040 _d368040 |
||